000
00189 a2200097 4500
020
_a
9780842377506
041
_a
eng
100
_a
Rivers, Francine
245
2
_a
A voice in the wind
942
_c
BK
999
_c
264
_d
264